LEADER 01013nam0-2200313---450- 001 990009838980403321 005 20140317164130.0 010 $a978-88-204-3330-7 035 $a000983898 035 $aFED01000983898 035 $a(Aleph)000983898FED01 035 $a000983898 100 $a20140317d2013----km-y0itay50------ba 101 0 $aita 102 $aIT 105 $aa---a---001yy 200 1 $aEnergia e restauro$eil miglioramento dell'efficienza energetica in sistemi aggregati di edilizia pre-industriale tra istanze conservative e prestazionali$fKeoma Ambrogio, Marco Zuppiroli 210 $aMilano$cFranco Angeli$d2013 215 $a350 p.$cill.$d23 cm 225 1 $aRicerche di tecnologia dell'architettura$v87 700 1$aAmbrogio,$bKeoma$0522458 701 1$aZuppiroli,$bMarco$0312855 801 0$aIT$bUNINA$gRICA$2UNIMARC 901 $aBK 912 $a990009838980403321 952 $aREST B 343$b20958$fFARBC 959 $aFARBC 996 $aEnergia e restauro$9826753 997 $aUNINA LEADER 01358nam a22002891i 4500 001 991002997829707536 005 20040506143906.0 008 040624s1991 gw |||||||||||||||||ger 020 $a3412001929 035 $ab13009138-39ule_inst 035 $aARCHE-096681$9ExL 040 $aDip.to Beni Culturali$bita$cA.t.i. Arché s.c.r.l. Pandora Sicilia s.r.l. 082 04$a340.538 245 00$aSymposion 1990 :$bVortrage zur griechischen und hellenistischen Rechtsgeschichte : Pacific Grove, California 24-26 september 1990 /$cherausgegeben Michael Gagarin 260 $aKoln ;$aWeimar ;$aWien :$bBohlau,$c1991 300 $aX, 314 p. ;$c23 cm 440 0$aAkten der Gesellschaft fur griechische und hellenistische Rechtsgeschichte ;$v8 650 4$aDiritto ellenistico$xCongressi$y1990 650 4$aDiritto greco$xCongressi$y1990 700 1 $aGagarin, Michael$eauthor$4http://id.loc.gov/vocabulary/relators/aut$0205118 711 2 $aGesellschaft für griechische und hellenistische rechtsgeschichte Symposion$n<6. ;$d1985 ;$cRingberg> 907 $a.b13009138$b02-04-14$c12-07-04 912 $a991002997829707536 945 $aLE001 AN XXI 455c$g1$i2001000076802$lle001$nC. 1$o-$pE0.00$q-$rl$s- $t0$u0$v0$w0$x0$y.i13620162$z12-07-04 996 $aSymposion 1990$91449543 997 $aUNISALENTO 998 $ale001$b12-07-04$cm$da $e-$fger$ggw $h0$i1